Технология и качество зубчатых и червячных передач. Ч. 1 (Запись № 6973020)

Подробности
000 -МАРКЕР
контрольное поле 01645nam2a22002291 4500
001 - ИДЕНТИФИКАТОР ЗАПИСИ
контрольное поле rc\3333473
005 - ИДЕНТИФИКАТОР ВЕРСИИ
контрольное поле 20250609181326.0
035 ## - ДРУГИЕ СИСТЕМНЫЕ НОМЕРА
Идентификатор записи (NLR Aleph) 007426720
100 ## - ДАННЫЕ ОБЩЕЙ ОБРАБОТКИ
Данные общей обработки 20130115d1971 |||y0rusy50 ca
101 0# - ЯЗЫК РЕСУРСА
Язык текста, звукозаписи и т.д. русский
102 ## - СТРАНА ПУБЛИКАЦИИ ИЛИ ПРОИЗВОДСТВА
Страна публикации российская федерация
105 ## - ПОЛЕ КОДИРОВАННЫХ ДАННЫХ: ТЕКСТОВЫЕ МАТЕРИАЛЫ, МОНОГРАФИЧЕСКИЕ
Кодированные данные о монографическом текстовом документе a z |||||
200 0# - ЗАГЛАВИЕ И СВЕДЕНИЯ ОБ ОТВЕТСТВЕННОСТИ
Основное заглавие Ч. 1
210 ## - ПУБЛИКАЦИЯ, РАСПРОСТРАНЕНИЕ И ДР.
Дата издания, распространения и т.д. 1971
Место издания, распространения и т.д. Б. м.
215 ## - ФИЗИЧЕСКАЯ ХАРАКТЕРИСТИКА
Специфическое обозначение материала и объем 116 с.
Другие сведения о физической характеристике черт.
461 #0 - УРОВЕНЬ НАБОРА
Встроенное поле 001rc\3333472
-- 2001#$aТехнология и качество зубчатых и червячных передач$eТруды всесоюз. совещ. "Технология и качество зубчатых и червячных передач". Ереван, дек. 1971 г.$f[Отв. ред. Э.Л. Айрапетов]$gЦентр. правл. Науч.-техн. о-ва машиностроит. пром-сти. Арм. респ. правл. Науч.-техн. о-ва машиностроит. пром-сти. Закавк. филиал Эксперим. науч.-исслед. ин-та металлорежущих станков. Ереван. политехн. ин-т. Гос. науч.-исслед. ин-т машиноведения. Ч. 1-$vЧ. 1
Системный номер (АБИС) связанной записи 6973012
Место публикации Ереван
Дата публикации 1971-
Первые сведения об ответственности [Отв. ред. Э.Л. Айрапетов]
Имя издателя, распространителя и т.д. Б. и.
Сведения, относящиеся к заглавию Труды всесоюз. совещ. "Технология и качество зубчатых и червячных передач". Ереван, дек. 1971 г.
Заглавие Технология и качество зубчатых и червячных передач
Номер тома Ч. 1
801 #0 - ИСТОЧНИК ЗАПИСИ
Страна российская федерация
Организация NLR
Правила каталогизации psbo
801 #1 - ИСТОЧНИК ЗАПИСИ
Страна российская федерация
Организация ELAR
Источник данных rusmarc
852 ## - МЕСТОНАХОЖДЕНИЕ И ШИФР ХРАНЕНИЯ
Идентификатор организации NLR
Шифр хранения (Call Number) Desideratum
942 ## - ДОПОЛНИТЕЛЬНЫЕ ЭЛЕМЕНТЫ ЗАПИСИ (АБИС)
Тип экземпляра АБИС Книга
980 ## - КОЛЛЕКЦИЯ
Название коллекции Национальная библиография
Экземпляры
Тип экземпляра Дата поступления Библиотека постоянного хранения Библиотека текущего хранения Место хранения Шифр хранения Штрих-код Статус не для выдачи
Книга 26.10.2013 РНБ (Московский) РНБ (Московский) Русский книжный фонд , подручный Desideratum 7426720-10